| 000 | 00538nam a2200169 i 4500 | ||
|---|---|---|---|
| 001 | 78075 | ||
| 003 | ES-MaACL | ||
| 005 | 20230906173529.0 | ||
| 007 | t| | ||
| 008 | 041011s1931 gw ||||1| ger d | ||
| 245 | 0 | 0 |
_aHandbuch der Pflanzenernährung und Düngerlehre / _cherausgegeben von F. Honcamp. |
| 260 |
_aBerlin : _bJulius Springer, _c1931. |
||
| 300 |
_a2 v. : _bil. ; _c25 cm. |
||
| 505 | 8 | _aContiene: V.I: Pflanzenernèahrung. -- V. II: Dingemittel und Dungung | |
| 700 | 1 |
_aHoncamp, F. _964121 |
|
| 852 |
_aES-MaACL _jA-706-07 |
||
| 999 |
_c78075 _d78075 |
||